Magnetic resonance image segmentation using wavelet transform and self-organizing maps /
Saved in:
| Main Author: | |
|---|---|
| Format: | Thesis Book |
| Language: | English |
| Published: |
1999.
|
| Subjects: | |
| Online Access: | http://studentsrepo.um.edu.my/id/eprint/2830 |
| Tags: |
Add Tag
No Tags, Be the first to tag this record!
|
| LEADER | 01317cam a2200301 a 4500 | ||
|---|---|---|---|
| 001 | u444748 | ||
| 003 | SIRSI | ||
| 008 | 960110s1999 my t 00 10 eng m | ||
| 035 | |a ACH-9597 | ||
| 040 | |a UMM | ||
| 090 | |a QA76 |b UM 1999 Woo | ||
| 091 | |a Microfiche 15125 | ||
| 100 | 1 | 0 | |a Woo, Chaw Seng. |
| 245 | 1 | 0 | |a Magnetic resonance image segmentation using wavelet transform and self-organizing maps / |c Woo Chaw Seng. |
| 260 | |c 1999. | ||
| 300 | |a xvi, 138 leaves [append.] : |b ill. ; |c 29 cm. | ||
| 500 | |a Microfiche. Kuala Lumpur : University of Malaya Library, 2001. 2 fiches : negative ; 11 x 15 cm. | ||
| 502 | |a Dissertation (M.Comp.Sc.) -- Fakulti Sains Komputer dan Teknologi Maklumat, Universiti Malaya, 1999. | ||
| 504 | |a Bibliography: leaves 108-119. | ||
| 650 | 0 | |a Image processing |x Digital techniques. | |
| 650 | 0 | |a Magnetic resonance imaging. | |
| 650 | 0 | |a Wavelets (Mathematics) | |
| 710 | 2 | 0 | |a Universiti Malaya. |b Fakulti Sains Komputer dan Teknologi Maklumat. |
| 856 | 4 | 1 | |u http://studentsrepo.um.edu.my/id/eprint/2830 |
| 948 | |a 21/09/1999 |b 12/06/2002 | ||
| 596 | |a 1 16 | ||
| 999 | |a QA76 UM 1999 WOO |w LC |c 1 |i A508765831 |d 2/10/2012 |e 12/10/2011 |l STACKS |m P01UTAMA |n 4 |r Y |s Y |t TESIS |u 19/12/2000 | ||
| 999 | |a QA76 UM 1999 WOO |w LC |c 1 |i A511277237 |d 6/5/2005 |f 6/5/2005 |g 1 |l STACKS |m P16SKTM |r Y |s Y |t TESIS |u 6/5/2005 | ||
